Microbiología básica de los alimentos / (Record no. 28314)

MARC details
000 -LEADER
campo de control de longitud fija 00632nam a2200193 i 4500
001 - NÚMERO DE CONTROL
campo de control 28314
003 - IDENTIFICADOR DE NÚMERO DE CONTROL
campo de control ES-MaACL
007 - CAMPO FIJO DE DESCRIPCIÓN FÍSICA--INFORMACIÓN GENERAL
campo de control de longitud fija t|
008 - DATOS DE LONGITUD FIJA--INFORMACIÓN GENERAL
campo de control de longitud fija 030117s1982 sp ||||1| spa d
020 ## - NÚMERO INTERNACIONAL ESTÁNDAR DEL LIBRO
Número Internacional Estándar del Libro 84-7290-032-0
100 1# - ENTRADA PRINCIPAL--NOMBRE DE PERSONA
Nombre de persona Banwart, George J.
9 (RLIN) 25222
245 10 - MENCIÓN DEL TÍTULO
Título Microbiología básica de los alimentos /
Mención de responsabilidad, etc. George J. Banwart ; [traducción ediciones Bellaterra ; revisión Carlos Sánchez-Rodrigo].
260 ## - PUBLICACIÓN, DISTRIBUCIÓN, ETC.
Lugar de publicación, distribución, etc. Barcelona :
Nombre del editor, distribuidor, etc. Bellaterra,
Fecha de publicación, distribución, etc. [1982]
300 ## - DESCRIPCIÓN FÍSICA
Extensión 464 p. ;
Dimensiones 24 cm.
500 ## - NOTA GENERAL
Nota general Indice.
700 1# - ENTRADA AGREGADA--NOMBRE PERSONAL
Nombre de persona Sánchez Rodrigo, Carlos.
9 (RLIN) 102884
710 2# - ENTRADA AGREGADA--NOMBRE DE ENTIDAD CORPORATIVA
Nombre de entidad corporativa o nombre de jurisdicción como elemento de entrada Ediciones Bellatera.
9 (RLIN) 3422
852 ## - LOCALIZACIÓN
Ubicación ES-MaACL
Número de control de estantería L-9030
Sublocalización o colección R.110889
Holdings
Estatus retirado Estado de pérdida Estado de daño No para préstamo Biblioteca de origen Biblioteca actual Ubicación en estantería Fecha de adquisición Fuente de adquisición Total de préstamos Signatura topográfica completa Código de barras Visto por última vez Precio de reemplazo Tipo de ítem Koha
        Biblioteca del Ateneo de Madrid Biblioteca del Ateneo de Madrid Depósito 2 17/01/2008     L-9030 1029228 23/02/2023 23/02/2023 Libro impreso